Dinophysis taylorii, sp.nov. y otros Dinophysis de Baja California, México (<Dinophyceae>) (Registro nro. 11658)

Detalles MARC
000 -CABECERA
Campo de control 006360000a22001930004500
090 ## - CLASIFICACIÓN LOCAL
Colección AR
Consecutivo 02594
041 0# - IDIOMA
Código de idioma para texto/pista de sonido o título separado
100 1# - ASIENTO PRINCIPAL--NOMBRE PERSONAL
Nombre personal Hernández Becerril, David U.
245 10 - MENCION DE TITULO
Título Dinophysis taylorii, sp.nov. y otros Dinophysis de Baja California, México (<Dinophyceae>)
650 14 - ASIENTO SECUNDARIO DE MATERIA - TERMINO TEMATICO
Término temático o nombre geográfico como elemento de entrada Dinoflagelados
650 14 - ASIENTO SECUNDARIO DE MATERIA - TERMINO TEMATICO
Término temático o nombre geográfico como elemento de entrada Distribución
650 14 - ASIENTO SECUNDARIO DE MATERIA - TERMINO TEMATICO
Término temático o nombre geográfico como elemento de entrada Estructura
650 14 - ASIENTO SECUNDARIO DE MATERIA - TERMINO TEMATICO
Término temático o nombre geográfico como elemento de entrada Nuevas especies
651 #4 - ASIENTO SECUNDARIO DE MATERIA - NOMBRE GEOGRAFICO
-- Baja California
-- México
653 ## - TERMINO DE INDIZACION - NO CONTROLADO
-- Dinophysis
-- Dinophysis taylori
653 ## - TERMINO DE INDIZACION - NO CONTROLADO
-- Diniphysis sp
773 1# - Item fuente:
Título Revista de Biología Tropical
Especificación de materiales 129
Descripción física 1
Paginas del Articulo 101-109
Lugar, editorial y fecha de publicación 1992
Información sobre la relación 40
942 ## - ELEMENTOS ADICIONALES (KOHA)
Tipo de ítem Artículo
Existencias
Withdrawn status Lost status Damaged status No para préstamo Colección Ubicación Permanente Ubicación actual Fecha de adquisición Fuente de Valor Datos de publicación Seriada Total Checkouts Número topográfico Inventario / Código de Barras Date last seen Ejemplar Price effective from Forma de adquisición Tipo de material
      No para Préstamo Hemeroteca Bogotá Bogotá 27/02/2015 Sánchez, Enrique Fuera de circulación   AR 02594 013009 25/03/2015 1 25/03/2015   Artículo